| 000 | 00818cab a22002175a 4500 | ||
|---|---|---|---|
| 001 | L157828 | ||
| 008 | 130530e20130525xxk 000 0 eng d | ||
| 035 | _a(Sirsi) u157828 | ||
| 041 | 0 | _aeng | |
| 100 | 1 | _aHarrison, Anne | |
| 245 | 0 | 0 | _aManaging agents in the firing line |
| 260 | _c2013 | ||
| 490 |
_aEstates Gazette _v(1321) 25 May 2013, 96-98(3) |
||
| 520 | _aDuties of managing agents under environmental law from letting and property management and maintenance through to clearance of sites after the departure of tenants or licensees. Gives some examples of liability and practical advice for protection against the risk of prosecution. | ||
| 590 | _aKA | ||
| 651 | 4 | _aUnited Kingdom | |
| 690 |
_aLandlord and tenant _96252 |
||
| 690 |
_aMinerals and waste _96257 |
||
| 700 | 1 | _aScott, N. | |
| 942 | _n0 | ||
| 999 |
_c84473 _d84473 |
||